书目信息 |
| 题名: |
相对论逻辑自洽性探疑
|
|
| 作者: | 马青平 著 | |
| 分册: | ||
| 出版信息: | 上海 上海科学技术文献出版社 2004.03 |
|
| 页数: | 462页 | |
| 开本: | 24cm | |
| 丛书名: | ||
| 单 册: | ||
| 中图分类: | O412.1 | |
| 科图分类: | ||
| 主题词: | 理论物理学 | |
| 电子资源: | ||
| ISBN: | 7-5439-2266-5 | |
| 000 | 00589nam0 2200181 450 | |
| 001 | 202410163779274663 | |
| 005 | 20241018153455.29 | |
| 010 | @a7-5439-2266-5@dCNY28.00 | |
| 100 | @a20241016d km y0chiy0120 ea | |
| 101 | 0 | @achi |
| 200 | 1 | @a相对论逻辑自洽性探疑@AXiang Dui Lun Luo Ji Zi Qia Xing Tan Yi@f马青平著@FMa Qing Ping Zhu |
| 210 | @a上海@c上海科学技术文献出版社@d2004.03 | |
| 215 | @a462页@d24cm | |
| 606 | 0 | @a理论物理学 |
| 690 | @aO412.1@v4 | |
| 701 | 0 | @a马青平@AMa Qing Ping@4著 |
| 801 | 0 | @aCN@b大连网信软件有限公司图书馆·11@c20241018 |
| 905 | @aZUCC@b7202496@dO412.1@e138@f1 | |
| 相对论逻辑自洽性探疑/马青平著.-上海:上海科学技术文献出版社,2004.03 |
| 462页;24cm |
| ISBN 7-5439-2266-5:CNY28.00 |
| ● |
| 相关链接 |
|
|
|
|
正题名:相对论逻辑自洽性探疑
索取号:O412.1/138
 
预约/预借
| 序号 | 登录号 | 条形码 | 馆藏地/架位号 | 状态 | 备注 |
| 1 | 7202496 | 272024962 | 密集书库-物理学院/ [索取号:O412.1/138] | 在馆 |